| 000 | 00356nam a22001577a 4500 | ||
|---|---|---|---|
| 003 | OSt | ||
| 005 | 20211221111427.0 | ||
| 008 | 211221b |||||||| |||| 00| 0 eng d | ||
| 020 | _a0442225563 | ||
| 040 | _cHu | ||
| 082 | _a001.64/WAR | ||
| 100 |
_aWarnier _923799 |
||
| 245 | _aLogical Construction Of Systems | ||
| 260 | _c1981 | ||
| 942 |
_2ddc _cBOOKS _n0 |
||
| 999 |
_c23122 _d23122 |
||